000 00474nam a2200157 i 4500
001 84521
003 ES-MaACL
007 t|
008 041123s1945 ag ||||1| spa d
100 1 _aJohnson, Enrique J.
_966742
245 1 0 _aInvitación a la salud /
_cpor Enrique J. Johnson ; [traducción por Ramón F. Mayo].
260 _a[S.l. :
_bs.n.,
_c1945] (
_fPenser)
300 _a264 p. ;
_c23 cm.
700 1 _aMayo, Ramón F.
_979395
852 _aES-MaACL
_jE-2131
_bR.23172
999 _c84521
_d84521